| 000 | 01110cam a22003737a 4500 | ||
|---|---|---|---|
| 003 | CHAP | ||
| 005 | 20220817043517.0 | ||
| 008 | 990211d1998 it ab rn 00110 eng d | ||
| 010 | _a77009 | ||
| 011 | _a77981 | ||
| 020 | _a9251041326 | ||
| 035 | _a87757 | ||
| 040 | _cCHAP | ||
| 082 | 0 | 4 |
_a333.917 _bF33 |
| 110 | 2 | _aFAO | |
| 245 | 1 | 0 |
_aIntegrated coastal area management and agriculture, forestry and fisheries _c/by FAO |
| 260 |
_aRome : _bFAO, _c1998. |
||
| 300 |
_a256 p. : _bilus. ; gráfs. ; mapas |
||
| 410 | 2 | _aFAO | |
| 490 | 0 | _aGuidelines | |
| 590 |
_aBATCH-UPD _b10 _c20130110 _lUCH01 _h0340 |
||
| 590 |
_aBATCH-UPD _b10 _c20130110 _lUCH01 _h1821 |
||
| 590 |
_aCONVERSION _b10 _c20130109 _lUCH01 _h1342 |
||
| 650 | 1 | 4 |
_aAgricultura _xRegiones costeras. _91780 |
| 650 | 1 | 4 |
_aBosques _xRegiones costeras. _914378 |
| 650 | 1 | 4 |
_aPiscicultura. _988531 |
| 650 | 1 | 4 |
_aRegiones costeras. _995668 |
| 810 | 0 | _aFAO | |
| 830 | 0 | 0 |
_aGuidelines _951351 |
| 901 | _aBK | ||
| 905 | _aLilia Sánchez G. | ||
| 942 | _cLIBRO | ||
| 949 |
_a333.917 F33 _bBC _cFAO _d33724000709739 _eFAO1 _h94508 _i87757 _kDonaciØn _sb |
||
| 999 |
_c77009 _d77009 |
||